<?xml version="1.0" encoding="UTF-8"?>
<record
    xmlns:xsi="http://www.w3.org/2001/XMLSchema-instance"
    xsi:schemaLocation="http://www.loc.gov/MARC21/slim http://www.loc.gov/standards/marcxml/schema/MARC21slim.xsd"
    xmlns="http://www.loc.gov/MARC21/slim">

  <leader>05943cam a22003974i 4500</leader>
  <controlfield tag="003">PE-LiUPU</controlfield>
  <controlfield tag="005">20250731183428.0</controlfield>
  <controlfield tag="008">150706s                r     000 0     d</controlfield>
  <datafield tag="020" ind1=" " ind2=" ">
    <subfield code="a">9788425217234</subfield>
  </datafield>
  <datafield tag="035" ind1=" " ind2=" ">
    <subfield code="a">(Sirsi) i9788425217234</subfield>
  </datafield>
  <datafield tag="040" ind1=" " ind2=" ">
    <subfield code="a">PE-LiUPU</subfield>
    <subfield code="b">spa</subfield>
    <subfield code="c">PE-LiUPU</subfield>
    <subfield code="e">rda</subfield>
  </datafield>
  <datafield tag="049" ind1=" " ind2=" ">
    <subfield code="a">PRUA</subfield>
  </datafield>
  <datafield tag="082" ind1="0" ind2="4">
    <subfield code="a">711.4</subfield>
    <subfield code="b">R89</subfield>
    <subfield code="2">21</subfield>
  </datafield>
  <datafield tag="100" ind1="1" ind2=" ">
    <subfield code="a">Ruano, Miguel,</subfield>
    <subfield code="e">autor.</subfield>
  </datafield>
  <datafield tag="245" ind1="1" ind2="0">
    <subfield code="a">Ecourbanismo :</subfield>
    <subfield code="b">entornos humanos sostenibles: 60 proyectos /</subfield>
    <subfield code="c">Miguel Ruano.</subfield>
  </datafield>
  <datafield tag="264" ind1=" " ind2="1">
    <subfield code="a">Barcelona :</subfield>
    <subfield code="b">Gustavo Gili,</subfield>
    <subfield code="c">1999.</subfield>
  </datafield>
  <datafield tag="300" ind1=" " ind2=" ">
    <subfield code="a">192 p&#xE1;ginas :</subfield>
    <subfield code="b">ilustraciones, mapas, fotos, color, planos ;</subfield>
    <subfield code="c">30 cm.</subfield>
  </datafield>
  <datafield tag="336" ind1=" " ind2=" ">
    <subfield code="a">text</subfield>
    <subfield code="2">rdacontent</subfield>
  </datafield>
  <datafield tag="337" ind1=" " ind2=" ">
    <subfield code="a">unmediated</subfield>
    <subfield code="2">rdamedia</subfield>
  </datafield>
  <datafield tag="338" ind1=" " ind2=" ">
    <subfield code="a">volume</subfield>
    <subfield code="2">rdacarrier</subfield>
  </datafield>
  <datafield tag="490" ind1="0" ind2=" ">
    <subfield code="a">AD+E</subfield>
  </datafield>
  <datafield tag="505" ind1="0" ind2=" ">
    <subfield code="a">Ciudad jard&#xED;n Puchenau (Linz, Austria, 1962- ), Roland Rainer Architekt --  Eurp&#xF4;le M&#xE9;diterran&#xE9;en de l'Arbois (Arbois, Francia, 1994), Norman Foster and Partners --  Communications Hill (San Jos&#xE9;, California, 1991), Solomon architecture and planning --  Can Llobera (Barcelona, Espa&#xF1;a, 1992), Miquel Roa --  Beethovenpark (Colonia, Alemania, 1994), B&#xF6;deker, Wagenfeld  Partners --  Curitiba (Paran&#xE1;, Brasil, 1974- ), Municipio de Curitiba --  RECURSOS --  Barrio Old Mill (Mountain View, California, 1994- ), Peter Calthorpe Assoc --  Barrio solar (Ratisbona, Alemania, 1996- ), Norman Foster and Partners -- Propuesta de Plan Direcctor IGA 2003 (Dresde, Alemania, 1995), SITE --  H&#xE1;bitat simbi&#xF3;tico (Tokio, Jap&#xF3;n, 1994- ), Iwamura Atelier -- Villa Ol&#xED;mpica (Sydney, Australia, 1992- ), Greenpeace --  Ecopueblo Anningerblick (Gunstramsdorf, Austria, 1992- ), Helmut Deubner --  Urbanizaci&#xF3;n ecol&#xF3;gica (Colonia, Alemania), Reimund Stewen --  Ciudad solar (Linz-Pichling, Austria, 1995- ), Norman Foster and Partners --  Urbanizaci&#xF3;n bioclim&#xE1;tica (Tenerife, Espa&#xF1;a, 1995- ), ITER --  Eco-viviendas (Alt&#xF6;tting, Alemania, 1993- ), Demmel+M&#xFC;hlbauer, Legdobler --  Centro de Estudios Regeneradores (Pomona, California, 1976- ), John Tillman Lyle --  Ecorrenobaci&#xF3;n en Tokio (Tokio, Jap&#xF3;n, 1994- ), Yuichiro Kodama --  Pueblo solar (Atenas, Grecia, 1989), Meletitiki-Alexandros N. Tombazis --  Parque Morra (Smallingerland, Holanda, 1989), J. Kristinson --  Barrio diplom&#xE1;tico (Riad, Arabia Saud&#xED;, 1988), B&#xF6;deker, Wagenfeld &amp; Partners --  Postdamer Platz (Berl&#xED;n, Alemania, 1999), Renzo Piano Building Workshop --  Manheim Wallstadt-Nord (Alemania, 1987- ), Joachim Eble --  COMUNIDAD  -- Tid, m&#xE4;nniskor och hus (Malm&#xF6;, Suecia, 1981), Nobis, Johannesson, Calsapeu --  Urbanizaci&#xF3;n Ecol&#xF3;gica Gerolds&#xE4;cker (Kalsruhe, Alemania, 1994), L&#xF6;ffler, Schneider, Schmeling, Leicht  --  Poblado  urbano Blairs College Estate (Aberdeen, Reino Unido, 1994- ), John Thomson &amp; Partners  -- Cooperativa ecopueblo (Ithaca, Nueva York, 1991- ) --  Proyecto Ecociudad Halifax (Adelaida, Australia, 1992- ), Paul F. Downtown --  Riesefeld (Friburgo, almania, 1992), Lucien Kroll, Tillman Lyle, J&#xF6;rn Coppijn --  Nueva Playa Vista (Los Angeles, California, 1989), varios arquitectos --  Otay Ranch (San Diego, California, 1989- ), Equipo del condado --  Centro urbano de Glendale (Glendale, Caifornia, 1995- )Moule &amp; Polyzoides --  Kirchsteigfeld (Postdam, Alemania, 1992- ), Krier/Kohl --  Plan General para el desarrollo urban&#xED;stico (Ciudad de Washington, Misuri, 1995), Tim T. Franke --  Ecolonia (Alphen aan der Rijn, Holanda, 1993), Atelier Lucien Kroll --  Volcano Cliffs (Alburquerque, Nuevo Mexico,1996- ), Sim van der Ryn --  Celebration (Osceola, Florida, 1987), The Disney Development Co --  Subic Bay (Filipinas, 1994), Koetter, Kim and Assoc --  Williamsburg New Town (Virginia, 1995), Arenas &amp; Ruano -- 40. Middle Farm (Poundbury, Reino Unido, 1996), Leon Krier --  Torsted Vest (Horsens, Dinamarca, 1990- ) Gruppen for by-o landskabsplanlaegning a/s -- Nuevo centro urbano (Ho Chi Minh, Vietnam, 1994- ), Koetter, Kim and Assoc.- Prairie Crossing (Garyslake, Illinois, 1987- ), Peter Walker, William Johnson &amp; Patners -- ECOVACACIONES -- Eco&#xED;sla (Barcelona, 1993- ), Javier Barba -- Las Terrenas (Rep&#xFA;blica Dominicana, 1989- ), Gigantes Zenghelis --  Seven Spirit Wilderness (Arnhem, Australia, 1990), Ecosystems --  Puerto Escondido (Baja California, Mexico, 1985- ), Fran&#xE7;ois Spoerry  -- REVITALIZACI&#xD3;N -- Nueva ciudad Feng Shui (Nara, Jap&#xF3;n, 1994), Tsutomu Shigemura &amp; Team Zoo -- Ecocentro de Ispra (Ispra, Italia, 1993- ), Sergio Los, Natasha Pulitzer, Severpaolo Tagliasacchi --  Hacia una Seattle Sostenible (Seattle, Washington, 1994-2014), Ayuntamiento de Seattle --  Salinas de Ostia (Roma, Italia, 1996), PRAU srl -- Bucuresti 2000 (Bucarest, Ruman&#xED;a, 1996), @ kubik, Arenas, Canals, Ravent&#xF3;s y Ruano -- Eco-estatuto (Gubbio, Italia, 1996), Massimo Bastinai --  Le-Puy-en-Velay (Francia, 1993), SITE --  Leipzig Ostraum (Leipzig, Alemania, 1989- ) Ekhart Hahn, &#xD6;ko-Stadt -- &amp;56. Landsberger Alle/Rhinstrasse (Berl&#xED;n, Alemania. 1994), Daniel Libeskind -- Equipamientos universitarios (Mestre, Italia, 1995), Sergio Los, Valeriano Pastor, Natasha Pulitzer --  La Larga Muralla (Atenas, Grecia, 1990), Gigantes Zenghelis  -- TELEPUEBLOS --  Colleta di Castelbianco (Savona, Italia, 1994- ), Giancarlo De Carlo --  ParcBIT (Mallorca, Espa&#xF1;a, 1994- ), Richard Rogers Partnership.</subfield>
  </datafield>
  <datafield tag="526" ind1=" " ind2=" ">
    <subfield code="a">P158</subfield>
  </datafield>
  <datafield tag="526" ind1=" " ind2=" ">
    <subfield code="a">P146</subfield>
  </datafield>
  <datafield tag="526" ind1=" " ind2=" ">
    <subfield code="a">P17</subfield>
  </datafield>
  <datafield tag="526" ind1=" " ind2=" ">
    <subfield code="a">P12</subfield>
  </datafield>
  <datafield tag="526" ind1=" " ind2=" ">
    <subfield code="a">P06</subfield>
  </datafield>
  <datafield tag="541" ind1=" " ind2=" ">
    <subfield code="g">004-000263;</subfield>
  </datafield>
  <datafield tag="650" ind1="0" ind2="4">
    <subfield code="a">Urbanismo</subfield>
    <subfield code="x">Aspectos ambientales.</subfield>
  </datafield>
  <datafield tag="910" ind1=" " ind2=" ">
    <subfield code="b">jv</subfield>
    <subfield code="c">ng</subfield>
    <subfield code="d">20110601</subfield>
  </datafield>
  <datafield tag="942" ind1=" " ind2=" ">
    <subfield code="2">ddc</subfield>
    <subfield code="c">BOOK</subfield>
  </datafield>
  <datafield tag="949" ind1=" " ind2=" ">
    <subfield code="a">711.4 R89</subfield>
    <subfield code="w">DEWEY</subfield>
    <subfield code="c">1</subfield>
    <subfield code="i">63035</subfield>
    <subfield code="l">CCODEBUL1</subfield>
    <subfield code="m">BUL</subfield>
    <subfield code="p">114.00</subfield>
    <subfield code="r">0</subfield>
    <subfield code="s">Y</subfield>
    <subfield code="t">BOOK</subfield>
    <subfield code="u">2015-7-6</subfield>
    <subfield code="x">INGENIERIA</subfield>
    <subfield code="P">P06</subfield>
    <subfield code="o">.STAFF. Colecci&#xF3;n General</subfield>
  </datafield>
  <datafield tag="994" ind1=" " ind2=" ">
    <subfield code="a">C0</subfield>
    <subfield code="b">PEPRU</subfield>
  </datafield>
  <datafield tag="596" ind1=" " ind2=" ">
    <subfield code="a">1</subfield>
  </datafield>
  <datafield tag="999" ind1=" " ind2=" ">
    <subfield code="a">711.4 R89</subfield>
    <subfield code="w">DEWEY</subfield>
    <subfield code="c">52050</subfield>
    <subfield code="i">63035</subfield>
    <subfield code="d">52050</subfield>
    <subfield code="e">2019-4-10</subfield>
    <subfield code="f">2021-11-9</subfield>
    <subfield code="g">7</subfield>
    <subfield code="l">CCODEBUL1</subfield>
    <subfield code="m">BUL</subfield>
    <subfield code="n">4</subfield>
    <subfield code="p">114.00</subfield>
    <subfield code="q">3</subfield>
    <subfield code="r">0</subfield>
    <subfield code="s">Y</subfield>
    <subfield code="t">BOOK</subfield>
    <subfield code="u">2015-7-6</subfield>
    <subfield code="x">INGENIERIA</subfield>
    <subfield code="P">P06</subfield>
    <subfield code="0">COMPRA</subfield>
    <subfield code="o">.STAFF. Colecci&#xF3;n General</subfield>
  </datafield>
  <datafield tag="980" ind1=" " ind2=" ">
    <subfield code="8">1</subfield>
    <subfield code="g">ALBERTO SANCHEZ Responsable de Automatizaci&#xF3;n</subfield>
  </datafield>
  <datafield tag="952" ind1=" " ind2=" ">
    <subfield code="r">2025-12-03 00:00:00</subfield>
    <subfield code="i">8</subfield>
    <subfield code="l">5</subfield>
    <subfield code="o">711.4 R89</subfield>
    <subfield code="p">63035</subfield>
    <subfield code="s">2024-04-28</subfield>
    <subfield code="t">e1</subfield>
    <subfield code="v">119.00</subfield>
    <subfield code="w">2015-07-06</subfield>
    <subfield code="x">FIA</subfield>
    <subfield code="y">BK</subfield>
    <subfield code="z">inventario-2023-12-13</subfield>
    <subfield code="1">0</subfield>
    <subfield code="2">ddc</subfield>
    <subfield code="5">0</subfield>
    <subfield code="7">0</subfield>
    <subfield code="8">GEN</subfield>
    <subfield code="f">P06</subfield>
    <subfield code="a">BUL</subfield>
    <subfield code="b">BUL</subfield>
    <subfield code="c">GEN</subfield>
    <subfield code="d">2015-07-06</subfield>
    <subfield code="e">COMPRA</subfield>
    <subfield code="g">114.00</subfield>
  </datafield>
</record>
